Разбитое зеркало: повесть, рассказы

Бібліографічні деталі
Автор: Макшеев В. Н. Вадим Николаевич
Інші автори: Гончаренко С. Г. (иллюстратор)
Резюме:Исключено из фонда НТБ ТПУ
Мова:Російська
Опубліковано: Томск, Томское кн. изд-во, 1989
Формат: MixedMaterials Книга
KOHA link:https://koha.lib.tpu.ru/cgi-bin/koha/opac-detail.pl?biblionumber=143861

MARC

LEADER 00000nam0a2200000 4500
001 143861
005 20231031143402.0
010 |a 5751500857 
020 |a RU  |b 89-17668 
035 |a (RuTPU)RU\TPU\book\155916 
090 |a 143861 
100 |a 20080925d1989 m y0rusy5003 ca 
101 0 |a rus 
102 |a RU 
105 |a a z 000ay 
200 1 |a Разбитое зеркало  |e повесть, рассказы  |f В. Н. Макшеев  |g худож. С. Г. Гончаренко 
210 |a Томск  |c Томское кн. изд-во  |d 1989 
215 |a 296 с.  |c ил. 
333 |a Исключено из фонда НТБ ТПУ 
700 1 |a Макшеев  |b В. Н.  |c русский писатель  |f 1926-  |g Вадим Николаевич 
702 1 |a Гончаренко  |b С. Г.  |4 440 
801 0 |a RU  |b RuMRKP  |c 19950417  |g psbo 
801 1 |a RU  |b 63413507  |c 20080925  |g PSBO 
801 2 |a RU  |b 63413507  |c 20220516  |g PSBO 
942 |c BK